000 00403nam a2200133Ia 4500
008 160227s9999 xx 000 0 und d
100 _aDordal, P.
245 3 _aAn Introduction to Computer Networks Release 1.8.17 /
245 _cP. Dordal.
260 _bUniversity Chicago.
260 _c2015
650 _xComputer Networks
856 _uhttp://intronetworks.cs.luc.edu/current/ComputerNetworks.pdf
999 _c291019
_d291019